00382 a2200121 4500001001000000005001700010008004100027245006500068100003800133700002200171773005000193999001700243ART_3127820260410161840.0260409a 10aReglamento del Código de disciplina de las Fuerzas Armadas1 aFuria de Torres, Lilian Alicia G.1 aTorres, Ismael F.0 tRAPg- Año 36, Nº 422 (nov. 2013)wREV5941 c24015d24015